00442nam a2200145 i 450000100060000000300090000600500170001500700030003200800410003510000230007624501010009926000410020030000210024185200340026290717ES-MaACL20230906180537.0t|050124s1949 fr ||||1| fre d1 aLeclercq, Jacques.13aLe problème de la foi b: dans les milieux intellectuels au XXe siècle / cJacques Leclercq. aTournai, etc. : bCasterman, c1949. a83 p. ; c18 cm. aES-MaACLj1912-F-15 bR.29956